| 000 | 00450nam a2200169Ia 4500 | ||
|---|---|---|---|
| 008 | 260520s2026 xx 000 0 und d | ||
| 020 | _a9789369932535 | ||
| 041 | _aeng | ||
| 082 | _a657.2/MAR | ||
| 100 | _aMarulkar, K V | ||
| 245 | _aHire Purchase System and Branch Account B.Com.II, S-IV, P-VI (NEP 2.0) | ||
| 250 | _a1st ed | ||
| 260 |
_aPUNE _bNIRALI PRAKASHAN _c2026 |
||
| 300 | _a180p. | ||
| 500 | _aCat No: 15236 | ||
| 650 | _aCOMMERCE | ||
| 999 |
_c1222136 _d1222136 |
||